Cristalización Semi-Continua de sulfato de potacio; Análisis de varaibles operacioneales.
Este trabajo de investigación estudió la influencia de las variables, perfil de alimentación, tiempo total y volumen inicial en el proceso semicontinuo de cristalización por enfriamiento.
| Main Author: | |
|---|---|
| Other Authors: | |
| Format: | Tesis Section = Libro |
| Language: | Undetermined Spanish |
| Published: |
Managua
UNI
1996
|
| Subjects: |
| LEADER | 00797nam a2200205Ia 4500 | ||
|---|---|---|---|
| 008 | 240830s9999 xx 000 0 und d | ||
| 040 | |a CEDOC DACA-RUSB / Mon 547.3 M827 | ||
| 041 | |a spa | ||
| 082 | |a Mon 547.3 M827 | ||
| 100 | 1 | |a Mora Cuadra, Gabriela. | |
| 245 | 1 | 0 | |a Cristalización Semi-Continua de sulfato de potacio; Análisis de varaibles operacioneales. |
| 260 | |a Managua |b UNI |c 1996 | ||
| 300 | |a 96 p. | ||
| 502 | |a Tesis (Ingeniero Químico) -UNI, 1996. | ||
| 520 | 3 | |a Este trabajo de investigación estudió la influencia de las variables, perfil de alimentación, tiempo total y volumen inicial en el proceso semicontinuo de cristalización por enfriamiento. | |
| 650 | 7 | |a CRISTALIZACION | |
| 700 | 1 | |a Tutor: |b Castañeda, Victor. | |
| 942 | |c BK |2 ddc | ||
| 991 | |a TESIS | ||
| 999 | |c 26363 | ||